000 00517nam a22001817a 4500
005 20250225073558.0
008 250225b |||||||| |||| 00| 0 eng d
020 _a9780639005232
041 _aEnglish
082 _a347.7 HUS
100 _lEnglish
245 _aPractical Drafting Skills /
_cI Hussain SC
250 _aFirst Edition
260 _aDurban:
_bLexisNexis (Pty) Ltd,
_c2019
300 _bxi, 239 pages;
_c27 cm.
650 _aLegal practice
_bLaw
942 _cBK
_6ALISON_BN_VRIES
999 _c3291
_d3291